Detalles MARC
| 000 -ENCABEZADO |
| Número de control [NR] |
02051nam a2200277Ia 4500 |
| 005 - FECHA Y HORA DE LA ÚLTIMA TRANSACCIÓN |
| control field |
20210603161223.0 |
| 008 - DE LONGITUD FIJA DE DATOS DE ELEMENTOS - INFORMACIÓN GENERAL |
| Elementos de longitud fija [NR] |
130821s1922 fr fr 1 f fre |
| 040 ## - FUENTE DE CATALOGACION [NR] |
| Agencia de catalogación original [NR] |
Co-BoUCM |
| Idioma de catalogación [NR] |
spa |
| Quien Cataloga |
Sandra Yazo |
| Quien Clasifica |
Sandra Yazo |
| 041 1# - CODIGO DE IDIOMA [R] |
| Código de idioma para texto/pista de sonido o título separado [R] |
Francés |
| 082 04 - NUMERO DE CLASIFICACION DECIMAL DEWEY [R] |
| Número de clasificación [R] |
840 |
| Número de la edición [NR] |
20 |
| 092 ## - SIGNATURA TOPOGRAFICA LOCAL |
| Número de clasificación local |
E51N053 |
| 100 1# - ASIENTO PRINCIPAL--NOMBRE PERSONAL [NR] |
| Nombre personal [NR] |
Villiers de L'Isle-Adam, Auguste |
| Títulos u otras palabras asociadas al nombre [R] |
comte de |
| Fechas asociadas con el nombre [NR] |
1838-1889 |
| ID Autoridad |
95280 |
| Forma más completa del nombre [NR] |
(Jean Marie Mathias Philippe Auguste) |
| 242 ## - TRADUCCION DEL TITULO POR LA AGENCIA CATALOGADORA [R] |
| Título [NR] |
Obras completas |
| Mención de responsabilidad, etc. [NR] |
de Villiers de l`Isle-Adam |
| Parte restante del título [NR] |
II: Cuentos crueles [-III: El atribulado Bonhomet. Nuevos cuentos crueles] |
| Código de idioma del título traducido [NR] |
spa |
| 245 10 - MENCION DE TITULO [NR] |
| Título [NR] |
Oeuvres Complètes |
| Mención de responsabilidad, etc. [NR] |
de Villaers de L'Isle-Adam |
| Parte restante del título [NR] |
II. Contes cruels [-III. Tribulat Bonhomet. Nouveaux contes cruels] |
| 260 ## - PUBLICACION, DISTRIBUCION, ETC. (PIE DE IMPRENTA) [R] |
| Lugar de publicación, distribución, etc. [R] |
París (Francia) |
| Nombre del editor, distribuidor, etc. [R] |
Mercure de France ; Imprimerie Orléanaise [Mercurio de Francia ; Imprenta de Orleans] ; Impr. Félix [Lainé Imprenta de Félix Lainé] |
| Fecha de publicación, distribución, etc. [R] |
1922 |
| 300 ## - DESCRIPCION FISICA [R] |
| Extensión [R] |
2 volúmenes (408 ; 322 páginas) |
| Dimensiones [R] |
19 x 13 cm. |
| 500 ## - NOTA GENERAL [R] |
| Nota general [NR] |
Detalles físicos: sin encuadernación original. Actualmente encuadernación rígida (holandesa): cartón forrado en papel texturizado; lomo de tela, con adornos en dorado. Guardas. Hoja de cortesía. Anteportada. Portada impresa en una tinta; grabado alusivo al nombre del Editorial (Mercure de France: el casco, petaso, de Mercurio). Texto impreso en una sola columna. Índice. Fecha de publicación tomada del V.3. |
| 505 0# - NOTA DE CONTENIDO CON FORMATO PREESTABLECIDO [R] |
| Nota de contenido con formato preestablecido [NR] |
V.2: Las señoritas de Bienfilatre ; Vox Populi ; Antonia ; El Duque de Portland ; Pablo y Virginia ; El banquete de las últimas fiestas ; Impaciencia de la chusma ; Sentimentalismo ; El deseo de ser hombre ; Los bandidos ; La reina Isabel ; La desconocida ; Mariela ; Los tratamientos del doctro Tristán ; Recuerdos ocultos -- V.3: El atribulado Bonhomet ; Nuevos cuentos crueles |
| 506 ## - NOTA DE RESTRICCIONES DE ACCESO [R] |
| Condiciones de acceso [NR] |
Consulta en sala |
| 546 ## - NOTA DE IDIOMA [R] |
| Nota de idioma [NR] |
Texto en francés |
| 650 #7 - ASIENTO SECUNDARIO DE MATERIA - TERMINO TEMATICO [R] |
| Término temático o nombre geográfico como elemento de entrada [NR] |
Literatura francesa |
| 9 (RLIN) |
7794 |
| Subdivisión cronológica [R] |
Siglo XIX |
| 650 #7 - ASIENTO SECUNDARIO DE MATERIA - TERMINO TEMATICO [R] |
| Término temático o nombre geográfico como elemento de entrada [NR] |
Relatos |
| 9 (RLIN) |
23487 |
| Subdivisión cronológica [R] |
Siglo XIX |
| Subdivisión geográfica [R] |
Francia |
| 650 #7 - ASIENTO SECUNDARIO DE MATERIA - TERMINO TEMATICO [R] |
| Término temático o nombre geográfico como elemento de entrada [NR] |
Novela francesa |
| 9 (RLIN) |
20506 |
| Subdivisión cronológica [R] |
Siglo XIX |
| 690 ## - ASUNTO AGREGADO LOCAL DE ENTRADA - TÉRMINO TEMÁTICO (OCLC, RLIN) |
| Acceso temático local |
Literatura europea |
| 9 (RLIN) |
26524 |
| 942 ## - ELEMENTOS DE ENTRADA AGREGADOS (KOHA) |
| Tipo de ítem principal el descrito en 300a |
Libro |
| Edición |
1 |
| Sistema de clasificación |
LOCAL |
| Clasificación |
E51N053 |